Star Academy - Candidats de la saison 11 (2023-24) par image - Statistiques

Statistiques générales
  • Ce quiz a été pris 2 460 fois
  • Le résultat moyen est 12 sur 13
Statistiques - réponses
Par images Réponse % Correct
Pierre
100%
Helena
99%
Axel
98%
Candice
98%
Julien
98%
Lénie
98%
Victorien
96%
Djebril
95%
Clara
94%
Lola
93%
Margot
93%
Marie-Maud
93%
Louis
89%
Aucun quiz correspondant
Distribution des résultats
% des personnes avec chaque résultat
Percentile par nombre de réponses
Votre historique - résultats
Vous n’avez pas pris ce quiz